Numerical solution of ordinary differential equations

Saved in:
Bibliografiske detaljer
Hovedforfatter: Shampine, Lawrence F (Author)
Format: Bog
Sprog:engelsk
Udgivet: Nueva York Chapman and Hall 1994
Udgivelse:5a. ed
Fag:
Tags: Tilføj Tag
Ingen Tags, Vær først til at tagge denne postø!

MARC

LEADER 00000nam a2200000 a 4500
001 UCT8296
003 CL-VaPUC
008 970326e19940000US |||||||||||||||||eng|d
082 0 4 |a 515.352  |b SHA  |2 21 
100 0 |a Shampine, Lawrence F  |e author  |9 379940 
245 1 0 |a Numerical solution of ordinary differential equations 
250 |a 5a. ed 
300 |a 484 p 
942 |c BK 
945 |d 19970326 00:00:00  |a nastorga 
260 |a Nueva York  |b Chapman and Hall  |c 1994 
650 0 |a Ecuaciones diferenciales  |9 260083 
650 0 |a Soluciones numéricas   |9 379941 
650 0 |a Matemática  |9 260235 
650 0 |a Variables  |9 338106 
650 7 |a COMPUTACION  |2 CL-VaPUC  |9 350582 
650 7 |a ESTABILIDAD  |2 CL-VaPUC  |9 330601 
650 0 |a Control  |9 330602 
583 |a last modification  |c 19970326 00:00:00  |k Rodrigo Vera 
999 |c 256806  |d 256804 
952 |0 0  |1 0  |4 0  |6 515_352000000000000_SHA_1994  |7 0  |8 A  |9 279789  |a BIBMAT  |b BIBMAT  |d 2019-11-19  |i 3293300  |o 515.352 SHA 1994  |p 3293300  |r 2025-01-07  |w 2019-11-19  |y BK  |k MAT